NPB 日本プロ野球 12球団最後の打点王 - Statistics

General Stats
  • This quiz has been taken 535 times
    107 since last reset
  • The average score is 8 of 12
Answer Stats
球団名 選手名(獲得年) 記録 % Correct
東京ヤクルトスワローズ 村上宗隆(2024) 86
97%
阪神タイガース 佐藤輝明(2025) 102
93%
読売ジャイアンツ 岡本和真(2021) 113
92%
埼玉西武ライオンズ 山川穂高(2022) 90
88%
福岡ソフトバンクホークス 山川穂高(2024) 99
88%
北海道日本ハムファイターズ レイエス(2025) 90
80%
横浜DeNAベイスターズ 牧秀悟(2023) 103
72%
中日ドラゴンズ ブランコ(2009) 110
42%
東北楽天ゴールデンイーグルス 島内宏明(2021) 96
42%
千葉ロッテマリーンズ 初芝清(1995) 80
24%
広島東洋カープ ロペス(1997) 112
19%
オリックス・バファローズ 李大浩(2012) 91
15%
No matching quizzes found
Score Distribution
Percent of People with Each Score
Percentile by Number Answered
Your Score History
You have not taken this quiz since the last reset